Advanced engineering mathematics (Record no. 2354)

000 -LEADER
fixed length control field 00457nam a22001937a 4500
001 - CONTROL NUMBER
control field 2354
003 - CONTROL NUMBER IDENTIFIER
control field BD-DhUET
008 - FIXED-LENGTH DATA ELEMENTS--GENERAL INFORMATION
fixed length control field 140922b xxu||||| |||| 00| 0 eng d
020 ## - INTERNATIONAL STANDARD BOOK NUMBER
International Standard Book Number 8121903459
040 ## - CATALOGING SOURCE
Transcribing agency 0
Modifying agency BD-DhUET
082 ## - DEWEY DECIMAL CLASSIFICATION NUMBER
Classification number 510
Item number DAS/2007
100 ## - MAIN ENTRY--PERSONAL NAME
Personal name Dass, H.K.
245 ## - TITLE STATEMENT
Title Advanced engineering mathematics
250 ## - EDITION STATEMENT
Edition statement 17th Rev. ed.
260 ## - PUBLICATION, DISTRIBUTION, ETC. (IMPRINT)
Place of publication, distribution, etc. Ram Nagar
Name of publisher, distributor, etc. S. Chand.
Date of publication, distribution, etc. 2007
300 ## - PHYSICAL DESCRIPTION
Extent xvi,1274p.
650 #0 - SUBJECT ADDED ENTRY--TOPICAL TERM
Topical term or geographic name as entry element Mathematics
942 ## - ADDED ENTRY ELEMENTS (KOHA)
Koha item type General Book
Holdings
Koha date last borrowed Date acquired Koha normalized classification for sorting Not for loan Copy number Location (home branch) Koha item type Shelving location Price effective from Withdrawn status Koha issues (times borrowed) Lost status Damaged status Koha out on loan Koha date last seen Koha full call number Source of classification or shelving scheme Sublocation or collection (holding branch) Piece designation (barcode)
2022-11-232014-09-22510DAS2007 1Central Library, BUETGeneral BookCirculation section2014-09-22 3   2023-05-06510/DAS/2007 Central Library, BUET103924
2026-01-132014-09-22510DAS2007 2Central Library, BUETGeneral BookCirculation section2014-09-22 6  2026-01-272026-01-13510/DAS/2007 Central Library, BUET103925
2024-12-012014-09-22510DAS2007 3Central Library, BUETGeneral BookCirculation section2014-09-22 4   2025-02-10510/DAS/2007 Central Library, BUET103927
2023-03-222014-09-22510DAS2007 4Central Library, BUETGeneral BookCirculation section2014-09-22 3   2023-06-05510/DAS/2007 Central Library, BUET103928
2014-11-122014-09-22510DAS2007 5Central Library, BUETGeneral BookCirculation section2014-09-22 1   2016-02-24510/DAS/2007 Central Library, BUET103929
2023-01-112014-09-22510DAS2007 7Central Library, BUETGeneral BookCirculation section2014-09-22 2   2023-02-28510/DAS/2007 Central Library, BUET103931
2026-04-152014-09-22510DAS2007 6Central Library, BUETGeneral BookCirculation section2014-09-22 3  2026-04-292026-04-15510/DAS/2007 Central Library, BUET103930
2019-01-202015-01-26510_000000000000000_DAS_2007 8Central Library, BUETGeneral BookCirculation section2015-01-26 2   2019-03-31510/DAS/2007 Central Library, BUET103922
2025-03-022015-09-01510DAS_2007_000000000000000 9Central Library, BUETGeneral BookCirculation section2015-09-01 2   2025-04-07510DAS/2007 Central Library, BUET103923
2024-11-242007-05-28510_000000000000000_DAS_2007 10Central Library, BUETGeneral BookCirculation section2017-05-29 11  2024-12-082024-11-24510/DAS/2007 Central Library, BUET103926